000 00440nam a2200181Ia 4500
001 1246
005 20260306140618.0
008 260306t2003||||xx |||||||||||||| ||spa||
041 _aESP
082 _a189.4
_bT69B
100 _aTomás de Aquino, Santo
_eAUT
245 0 _aEl orden del ser:
_bantología filosófica
260 _c2003
300 _a451 páginas :
_c21 cm.
650 _aGEN
654 _aCHU
942 _cLIB
_dJUS
_fJUS
_2ddc
_n
999 _c1246
_d1246